| 000 | 00651nam a22001817a 4500 | ||
|---|---|---|---|
| 005 | 20240220115347.0 | ||
| 010 | _aHIN-126920 | ||
| 020 |
_c340.00 _a9789350131978 |
||
| 035 | _aHN-99266 | ||
| 037 | _bDBAD/PUB | ||
| 082 | _a000 | ||
| 100 |
_aलाल _962286 |
||
| 245 |
_aएस.एस.सी. मल्टी टास्किंग/ _cलाल एवं जैन |
||
| 260 |
_aआगरा _bउपकार प्रकाशक |
||
| 270 |
_a1 स्टेट बैंक कॉलोनी , निकट खन्दारी _bआगरा _e282005 |
||
| 300 |
_a625p. _c28cm(pb) |
||
| 942 |
_2ddc _cEN _mलाल _h000 |
||
| 999 |
_c200918 _d200918 |
||